Normal view
MARC view
Entry Personal Name
001 - CONTROL NUMBER
- control field: 109032
003 - CONTROL NUMBER IDENTIFIER
- control field: OSt
005 - DATE AND TIME OF LATEST TRANSACTION
- control field: 20230518163125.0
008 - FIXED-LENGTH DATA ELEMENTS
- fixed length control field: 230518|| aca||aabn | a|a d
040 ## - CATALOGING SOURCE
- Original cataloging agency: OSt
- Transcribing agency: OSt
100 ## - HEADING--PERSONAL NAME
- Personal name: AMSDEN (Alice H);DICAPRIO (Alisa);ROBINSON (James A) Eds
670 ## - SOURCE DATA FOUND
- Source citation: Work cat.: (OSt)166802: AMSDEN (Alice H);DICAPRIO (Alisa);ROBINSON (James A) Eds, Role of elites in economic development, 2012